Top 25 Canada Municipalities By Population (2021) - Statistics

General Stats
  • This quiz has been taken 36 times
  • The average score is 17 of 25
Answer Stats
Province Status Population Answer % Correct
Quebec Ville 1,762,949 Montreal
100%
Ontario City 2,794,356 Toronto
100%
Alberta City 1,306,784 Calgary
97%
Ontario City 1,017,449 Ottawa
97%
Quebec Ville 549,459 Quebec City
97%
Manitoba City 749,607 Winnipeg
97%
Alberta City 1,010,899 Edmonton
94%
British Columbia City 662,248 Vancouver
94%
Nova Scotia Regional municipality 439,819 Halifax
90%
Ontario City 422,324 London
87%
Ontario City 569,353 Hamilton
84%
Ontario City 717,961 Mississauga
77%
Saskatchewan City 266,141 Saskatoon
77%
Saskatchewan City 226,404 Regina
74%
Ontario City 256,885 Kitchener
65%
Ontario City 229,660 Windsor
65%
Ontario City 656,480 Brampton
55%
Quebec Ville 438,366 Laval
52%
British Columbia City 568,322 Surrey
48%
Ontario City 323,103 Vaughan
42%
Ontario City 338,503 Markham
39%
Quebec Ville 291,041 Gatineau
35%
British Columbia City 249,125 Burnaby
29%
Quebec Ville 254,483 Longueuil
26%
Ontario Town 213,759 Oakville
23%
No matching quizzes found
Score Distribution
Percent of People with Each Score
Percentile by Number Answered
Your Score History
You have not taken this quiz